| 000 | 00643nam a2200217Ia 4500 | ||
|---|---|---|---|
| 003 | GCL | ||
| 008 | 140319s9999 xx 000 0 ara d | ||
| 040 |
_aGCL / _cGCL |
||
| 082 | 0 | 4 |
_a378.1735 _bا ت |
| 100 | 1 | _aابراهيم بسيونى عميرة | |
| 245 | 1 | 0 |
_aتدريس العلوم والتربية العلمية / _cابراهيم بسيونى عميرة |
| 700 | 1 | _aفتحى الديب | |
| 260 |
_a[S.N] : _bدار المعارف ، _c1983 |
||
| 300 | _a357 ص | ||
| 490 | _a | ||
| 650 | 0 | 4 | _aطرق التدريس |
| 650 | 0 | 4 | _aالتعليم |
| 650 | 0 | 4 | _aالاجتماع |
| 650 | 0 | 4 | _aالعلوم |
| 942 |
_2ddc _cBK |
||
| 999 |
_c28663 _d28663 |
||